00409cam a2200169ua 45000010005000000080039000050400009000440410008000530820011000611000024000722450061000962500009001572600031001663000010001976530016002076530016002238023150105n ii |||gr||||Z||||||hin cMAIN ahin a782.42 aVerma, D.,eEditor.1 aSursagar sar : bSathik / cEdited by Dhirendra Verma .  a1st. aIlahabad:bSahitya,c1988. a387p. aVocal music aHindi songs